00351nam a2200109Ia 4500008004100000082001900041100002600060245003000086260004000116630001800156650006700174211109s9999||||xx |||||||||||||| ||und|| a915.483bKAT-K aKattakkada, Divakaran 0aKeraleeya Gramangaliloode bNational Book StallaKottayamc1978 xGENERAL STACK ahistory and geographyvgeograph of and travel in asiaGeneralia